<?xml version="1.0" encoding="UTF-8"?>
<record
    xmlns:xsi="http://www.w3.org/2001/XMLSchema-instance"
    xsi:schemaLocation="http://www.loc.gov/MARC21/slim http://www.loc.gov/standards/marcxml/schema/MARC21slim.xsd"
    xmlns="http://www.loc.gov/MARC21/slim">

  <leader>03296nam a2200529Ia 4500</leader>
  <controlfield tag="001">3907</controlfield>
  <controlfield tag="008">241029s9999    xx            000 0 und d</controlfield>
  <datafield tag="010" ind1=" " ind2=" ">
    <subfield code="a">3666</subfield>
  </datafield>
  <datafield tag="041" ind1=" " ind2=" ">
    <subfield code="a">Espa&#xF1;ol</subfield>
  </datafield>
  <datafield tag="082" ind1=" " ind2=" ">
    <subfield code="a">MA-TE 0008 FH 2007</subfield>
  </datafield>
  <datafield tag="245" ind1=" " ind2="0">
    <subfield code="a">Dise&#xF1;o del programa de intoducci&#xF3;n de la asignatura: Materiales de construcci&#xF3;n de la carrera Ingenier&#xED;a Civil, aplicable a las Universidades del pa&#xED;s.</subfield>
  </datafield>
  <datafield tag="260" ind1=" " ind2=" ">
    <subfield code="a">Santo Domingo</subfield>
  </datafield>
  <datafield tag="300" ind1=" " ind2=" ">
    <subfield code="a">84</subfield>
  </datafield>
  <datafield tag="520" ind1=" " ind2=" ">
    <subfield code="a">12</subfield>
  </datafield>
  <datafield tag="630" ind1=" " ind2=" ">
    <subfield code="a">Estrategia de Aprendizaje</subfield>
  </datafield>
  <datafield tag="650" ind1=" " ind2=" ">
    <subfield code="a">Tecnolog&#xED;a Educativa</subfield>
  </datafield>
  <datafield tag="690" ind1=" " ind2=" ">
    <subfield code="a">Elaborado</subfield>
  </datafield>
  <datafield tag="700" ind1=" " ind2=" ">
    <subfield code="e">asesor</subfield>
    <subfield code="a">Michel, Daniel </subfield>
  </datafield>
  <datafield tag="700" ind1=" " ind2=" ">
    <subfield code="e">autor</subfield>
    <subfield code="a">Toirac Corral, Jos&#xE9; </subfield>
  </datafield>
  <datafield tag="700" ind1=" " ind2=" ">
    <subfield code="e">autor</subfield>
    <subfield code="a">Ochoa Azze, Mar&#xED;a Teresa</subfield>
  </datafield>
  <datafield tag="901" ind1=" " ind2=" ">
    <subfield code="a">{"1":"Toirac Corral","2":"Ochoa Azze"}</subfield>
    <subfield code="b">{"1":"Jos&#xE9; ","2":"Mar&#xED;a Teresa"}</subfield>
  </datafield>
  <datafield tag="902" ind1=" " ind2=" ">
    <subfield code="a">1</subfield>
  </datafield>
  <datafield tag="903" ind1=" " ind2=" ">
    <subfield code="a">{"1":"Michel"}</subfield>
    <subfield code="b">{"1":"Daniel "}</subfield>
  </datafield>
  <datafield tag="904" ind1=" " ind2=" ">
    <subfield code="a">Maestr&#xED;a en</subfield>
  </datafield>
  <datafield tag="905" ind1=" " ind2=" ">
    <subfield code="a">Tecnolog&#xED;a Educativa</subfield>
  </datafield>
  <datafield tag="906" ind1=" " ind2=" ">
    <subfield code="a">2</subfield>
  </datafield>
  <datafield tag="907" ind1=" " ind2=" ">
    <subfield code="a">NO APLICA</subfield>
  </datafield>
  <datafield tag="908" ind1=" " ind2=" ">
    <subfield code="a">NO APLICA</subfield>
  </datafield>
  <datafield tag="909" ind1=" " ind2=" ">
    <subfield code="a">Universidad Aut&#xF3;noma de Santo Domingo (UASD)</subfield>
  </datafield>
  <datafield tag="910" ind1=" " ind2=" ">
    <subfield code="a">NULL</subfield>
    <subfield code="b">NULL</subfield>
  </datafield>
  <datafield tag="911" ind1=" " ind2=" ">
    <subfield code="a">["1"]</subfield>
  </datafield>
  <datafield tag="912" ind1=" " ind2=" ">
    <subfield code="a">NO APLICA</subfield>
  </datafield>
  <datafield tag="913" ind1=" " ind2=" ">
    <subfield code="a">NULL</subfield>
  </datafield>
  <datafield tag="914" ind1=" " ind2=" ">
    <subfield code="a">08 de Enero de 2007</subfield>
  </datafield>
  <datafield tag="915" ind1=" " ind2=" ">
    <subfield code="a">05/12/19 11:12</subfield>
  </datafield>
  <datafield tag="916" ind1=" " ind2=" ">
    <subfield code="a">NULL</subfield>
  </datafield>
  <datafield tag="917" ind1=" " ind2=" ">
    <subfield code="a">NULL</subfield>
  </datafield>
  <datafield tag="918" ind1=" " ind2=" ">
    <subfield code="a">NO APLICA</subfield>
  </datafield>
  <datafield tag="919" ind1=" " ind2=" ">
    <subfield code="a">["93"]</subfield>
  </datafield>
  <datafield tag="520" ind1=" " ind2=" ">
    <subfield code="a">Los principales prop&#xF3;sitos de este estudio consistieron en dise&#xF1;ar el programa de instrucci&#xF3;n de la asignatura Materiales de Construcci&#xF3;n de la carrera de Ingenier&#xED;a Civil, a las Universidades del pa&#xED;s. Que permita una mayor flexibilidad encaminada a la aplicaci&#xF3;n por parte del profesor de Estrategias Educativas y que se identifique con las utilizadas por los alumnos para su aprendizaje.El estudio se enmarc&#xF3; dentro de una perspectiva de an&#xE1;lisis te&#xF3;rico, potenciando el desarrollo critico, anal&#xED;tico, participativo y descriptivo. Se trabaj&#xF3; con una poblaci&#xF3;n de profesores, coordinadores, egresados y alumnos de diferentes universidades del pa&#xED;s, entre ellas la UASD, INTEC, INCE. Con una muestra representativa de ciento treinta y cuatro (134) alumnos, tres (3) de cada coordinador y profesores de la asignatura Materiales de Construcci&#xF3;n y treinta y dos (32) egresados de la carrera de Ingenier&#xED;a Civil. Como instrumento y t&#xE9;cnicas utilizaron el cuestionario, entrevistas, encuestas, la observaci&#xF3;n, el diagrama de flujo y el diccionario.El estudio concluy&#xF3;, que no existe una integraci&#xF3;n efectiva y arm&#xF3;nica de la teor&#xED;a, la pr&#xE1;ctica y la investigaci&#xF3;n en los actuales programas, se&#xF1;alando que los ensayos realizados no siempre se ejecutan de manera sincr&#xF3;nica con la teor&#xED;a desarrollada, las pr&#xE1;cticas realizadas en el laboratorio de materiales son insuficientes. Los programas actuales inducen al uso de una metodolog&#xED;a mayoritariamente expositiva, enmarc&#xE1;ndose en modelos conductistas. El estudio recomienda un m&#xE9;todo m&#xE1;s participativo que expositivo en el transcurso del proceso de ense&#xF1;anza-aprendizaje. Incentivando el uso de la tecnolog&#xED;a de la informaci&#xF3;n. El desarrollo del programa encaminado a integrar de manera ponderada, teor&#xED;a, pr&#xE1;ctica e investigaci&#xF3;n, reflejando esto en las instrucciones propuestas.</subfield>
  </datafield>
  <datafield tag="921" ind1=" " ind2=" ">
    <subfield code="a">16</subfield>
  </datafield>
  <datafield tag="922" ind1=" " ind2=" ">
    <subfield code="a">16</subfield>
  </datafield>
  <datafield tag="923" ind1=" " ind2=" ">
    <subfield code="a">0</subfield>
  </datafield>
  <datafield tag="924" ind1=" " ind2=" ">
    <subfield code="a">NO APLICA</subfield>
  </datafield>
  <datafield tag="942" ind1=" " ind2=" ">
    <subfield code="c">Tesis</subfield>
  </datafield>
  <datafield tag="999" ind1=" " ind2=" ">
    <subfield code="c">3666</subfield>
    <subfield code="d">3666</subfield>
  </datafield>
</record>
